New construction orders Dec 2001 (Record no. 69462)

MARC details
000 -LEADER
fixed length control field 00862cam a2200205 4500
001 - CONTROL NUMBER
control field WB3805-02
008 - FIXED-LENGTH DATA ELEMENTS--GENERAL INFORMATION
fixed length control field 020207n2002 000 0 eng u
035 ## - SYSTEM CONTROL NUMBER
System control number (Sirsi) u116643
245 ## - TITLE STATEMENT
Title New construction orders Dec 2001
260 ## - PUBLICATION, DISTRIBUTION, ETC.
Date of publication, distribution, etc. 2002
490 ## - SERIES STATEMENT
Series statement DTI News Release
Volume/sequential designation C-0202 7 February 2002, (2)
520 ## - SUMMARY, ETC.
Summary, etc. Report analyses construction orders for 4Q 2001. Highlights that orders fell by 13% in this period compared to the previous quarter, with falls in all sectors except public housing. For more detailed analysis:- http://213.38.88.251/coi/coipress.nsf/2b45e1e3ffe090ac802567350059d840/f5c23629d78e6bc080256b5900376b4e?OpenDocument
590 ## - LOCAL NOTE (RLIN)
Local note WB
650 ## - SUBJECT ADDED ENTRY--TOPICAL TERM
Topical term or geographic name entry element CONSTRUCTION DEMAND
650 ## - SUBJECT ADDED ENTRY--TOPICAL TERM
Topical term or geographic name entry element CONSTRUCTION ORDERS
650 ## - SUBJECT ADDED ENTRY--TOPICAL TERM
Topical term or geographic name entry element STATISTICS
650 ## - SUBJECT ADDED ENTRY--TOPICAL TERM
Topical term or geographic name entry element CONSTRUCTION MARKET
690 ## - LOCAL SUBJECT ADDED ENTRY--TOPICAL TERM (OCLC, RLIN)
Topical term or geographic name as entry element BUILDING AND CONSTRUCTION-ECONOMICS
942 ## - ADDED ENTRY ELEMENTS (KOHA)
Suppress in OPAC 0
Holdings
Withdrawn status Lost status Source of classification or shelving scheme Damaged status Not for loan Home library Current library Shelving location Date acquired Total Checkouts Full call number Barcode Date last seen Copy number Price effective from Koha item type
    Dewey Decimal Classification     London London News article 07/02/2002   WB3805-02 116643-1001 06/08/2019 1 06/08/2019 News article